000 01076nas a2200325 4500
001 BR2011005030
003 BR-BrBNA
005 20231205115600.0
007 ta
008 230509b bl.|||p| |||| 00| 00por d
040 _aBR-BrBNA
_bpor
_cBiblioteca Nacional de Agricultura
041 _a(Pt)
072 _aF40 ; F50
100 1 _aBatista, C.U.N.
100 1 _aMedri, M.E.
100 1 _aBianchini, E.
100 1 _aMedri, C.
100 1 _aPimenta, J.A.
245 1 _aTolerância à inundação de Cecropia pachystachya Trec. (Cecropiaceae): aspectos ecofisiológicos e morfoanatômicos
246 1 _aFlood tolerance in Cecropia pachystachya Trec. (Cecropiaceae): ecophysiological and morpho-anatomical aspects
650 _aIMBAÚBA
650 _aCECROPIA
650 _aINUNDAÇÃO
650 _aANOXIA
650 _aANATOMIA VEGETAL
650 _aMORFOLOGIA VEGETAL
773 0 _tActa Botanica Brasilica (Brazil)
_xISSN 0102-3306
_g(Jan-Mar 2008), v. 22(1) p. 91-98
_wBR2011005030
909 _a202311
_bLúcia
_c55
_dLúcia Elande
942 _2AGRIS
_n0
_cANA
999 _c214598
_d214598